书目信息 |
| 题名: |
魏书
|
|
| 作者: | 魏收 撰 | |
| 分册: | 第8册 志 | |
| 出版信息: | 北京 中华书局 1994 |
|
| 页数: | 2732-3065页 | |
| 开本: | 20cm | |
| 丛书名: | ||
| 单 册: | ||
| 中图分类: | K239.210.42 , K236 | |
| 科图分类: | ||
| 主题词: | 古代史 | |
| 电子资源: | ||
| ISBN: | ||
| 000 | 00686nam0 2200265 450 | |
| 001 | 1559806858 | |
| 005 | 20150127163719.07 | |
| 010 | @dCNY1.16 | |
| 091 | @a11018.630@dCNY9.30(全八册) | |
| 100 | @a20070911d1994 em y0chiy50 ea | |
| 101 | 0 | @achi |
| 102 | @aCN@b110000 | |
| 105 | @ay z 000yy | |
| 200 | 1 | @a魏书@9wei shu@h第8册@i志@i志@f(北齐)魏收撰 |
| 210 | @a北京@c中华书局@d1994 | |
| 215 | @a2732-3065页@d20cm | |
| 517 | 1 | @a志@Azhi |
| 606 | 0 | @a古代史 |
| 607 | @a中国@x古代史@z北魏(439-534)@j纪传体 | |
| 607 | @a中国 | |
| 690 | @aK239.210.42@v5 | |
| 690 | @aK236@v4 | |
| 701 | 0 | @a魏收@9wei shou@4撰 |
| 801 | 0 | @aCN@bTSSF@c20150127 |
| 905 | @aZUCC@dK236@eJY70:8 | |
| 魏书.第8册.志.志/(北齐)魏收撰.-北京:中华书局,1994 |
| 2732-3065页;20cm |
| ISBN :CNY1.16 |
| ● |
| 相关链接 |
|
|
|
|
正题名:魏书
索取号:K236/JY70:8
 
预约/预借
| 序号 | 登录号 | 条形码 | 馆藏地/架位号 | 状态 | 备注 |
| 1 | 7844313 | 278443132 | 学院路分馆/ [索取号:K236/JY70:8] | 在馆 |